Nie jedź na Zachód! - Stany Zjednoczone - Statystyki

Ogólne statystyki
  • Ten quiz został rozwiązany 40 razy
  • Średni wynik to 6 z 18
Odpowiedzi na mapie
Odpowiedzi zakodowano w zielono-czerwonej skali na mapie do tego quizu, zgodnie z poniższymi procentami.
 
Statystyki odpowiedzi
Odpowiedź % Poprawnych
Los Angeles
74%
Las Vegas
58%
Phoenix
58%
Seattle
53%
Dallas
47%
Boston
42%
Nowy Jork
42%
Denver
37%
Kansas City
37%
Charlotte
32%
Waszyngton
32%
Chicago
26%
Detroit
26%
El Paso
26%
Nowy Orlean
21%
Indianapolis
16%
Atlanta
11%
Miami
11%
Nie znaleziono quizów pasujących do podanych kryteriów
Rozkład punktacji
Procent ludzi z każdym wynikiem
Percentyl według liczby udzielonych odpowiedzi
Twoja historia wyników
Nie rozwiązałeś tego quizu